000 00456nam a2200169 i 4500
001 22525
003 ES-MaACL
005 20230906152719.0
007 t|
008 021203s1972 sp ||||1| spa d
100 1 _aAlvarez López, José.
_920859
245 1 0 _aContabilidad General /
_cpor José Alvarez López.
250 _a4ª ed.
260 _a[San Sebastián :
_bs.n.,
_c1972]
300 _a536 p. ;
_c21 cm.
852 _aES-MaACL
_jC-49353
_bR.84270
999 _c22525
_d22525